000
00323nam a22001337a 4500
008
170619b xxu||||| |||| 00| 0 eng d
020
_a
9781878379528
041
_a
eng
080
_a
32
100
_a
32
101
_a
SHP
245
_a
PREVENTING VIOLENT STRATEGY FOR PREVENTIVE DIPLOMACY
_c
LUND.M.S
942
_2
udc
_c
BK
999
_c
18164
_d
18164